All Starting NFL QB's as of December 17, 2018 - Statistics

General Stats
  • This quiz has been taken 85 times
  • The average score is 26 of 32
Answer Stats
Team Quarterback % Correct
NE Tom Brady
100%
MIN Kirk Cousins
96%
CAR Cam Newton
95%
OAK Derek Carr
95%
KC Patrick Mahomes II
95%
SEA Russell Wilson
95%
GB Aaron Rodgers
93%
DAL Dak Prescott
93%
BAL Lamar Jackson
93%
NO Drew Brees
92%
NYG Eli Manning
92%
LAR Jared Goff
92%
DET Matthew Stafford
92%
CLE Baker Mayfield
91%
BUF Josh Allen
91%
LAC Philip Rivers
91%
IND Andrew Luck
89%
TEN Marcus Mariota
89%
ATL Matt Ryan
89%
PHI Nick Foles
89%
HOU DeShaun Watson
88%
PIT Ben Roethlisberger
87%
TB Jameis Winston
85%
MIA Ryan Tannehill
85%
NYJ Sam Darnold
85%
CHI Mitchell Trubisky
80%
DEN Case Keenum
67%
ARI Josh Rosen
63%
SF Nick Mullens
39%
WAS Josh Johnson
37%
JAX Cody Kessler
35%
CIN Jeff Driskel
27%
No matching quizzes found
Score Distribution
Percent of People with Each Score
Percentile by Number Answered
Your Score History
You have not taken this quiz